Market Research in Action (Record no. 16871)
[ view plain ]
| 000 -LEADER | |
|---|---|
| fixed length control field | 00352nam a22001337a 4500 |
| 008 - FIXED-LENGTH DATA ELEMENTS--GENERAL INFORMATION | |
| fixed length control field | 180626b xxu||||| |||| 00| 0 eng d |
| 020 ## - INTERNATIONAL STANDARD BOOK NUMBER | |
| International Standard Book Number | 1861529384 |
| 100 ## - MAIN ENTRY--PERSONAL NAME | |
| Personal name | Roe, Michael |
| 245 ## - TITLE STATEMENT | |
| Title | Market Research in Action |
| Statement of responsibility, etc. | Michael Roe |
| 260 ## - PUBLICATION, DISTRIBUTION, ETC. (IMPRINT) | |
| Place of publication, distribution, etc. | Australia |
| Name of publisher, distributor, etc. | Thomson |
| Date of publication, distribution, etc. | 2004 |
| 300 ## - PHYSICAL DESCRIPTION | |
| Extent | xi, 260p. |
| Other physical details | ill. |
| 650 ## - SUBJECT ADDED ENTRY--TOPICAL TERM | |
| Source of heading or term | Marketing Research |
| 942 ## - ADDED ENTRY ELEMENTS (KOHA) | |
| Source of classification or shelving scheme | Library of Congress Classification |
| Koha item type | General Collection |
| Withdrawn status | Lost status | Source of classification or shelving scheme | Not for loan | Home library | Current library | Date acquired | Cost, normal purchase price | Total Checkouts | Full call number | Barcode | Date last seen | Price effective from | Koha item type |
|---|---|---|---|---|---|---|---|---|---|---|---|---|---|
| Library of Congress Classification | Kabarak, Main Campus | Kabarak, Main Campus | 26/06/2018 | 4500.00 | HF5415.2 .R64 2004 c.1 | 025167 | 26/06/2018 | 26/06/2018 | General Collection | ||||
| Library of Congress Classification | Kabarak, Main Campus | Kabarak, Main Campus | 26/06/2018 | 4500.00 | HF5415.2 .R64 2004 c.2 | 025168 | 26/06/2018 | 26/06/2018 | General Collection | ||||
| Library of Congress Classification | Kabarak, Main Campus | Kabarak, Main Campus | 26/06/2018 | 4500.00 | HF5415.2 .R64 2004 c.3 | 025169 | 26/06/2018 | 26/06/2018 | General Collection | ||||
| Library of Congress Classification | Kabarak, Nakuru City Campus | Kabarak, Nakuru City Campus | 26/06/2018 | 4500.00 | HF5415.2 .R64 2004 c.1 | 025170 | 26/06/2018 | 26/06/2018 | General Collection | ||||
| Library of Congress Classification | Kabarak, Nakuru City Campus | Kabarak, Nakuru City Campus | 26/06/2018 | 4500.00 | HF5415.2 .R64 2004 c.2 | 025171 | 26/06/2018 | 26/06/2018 | General Collection |